| 000 | 00440nam a2200181Ia 4500 | ||
|---|---|---|---|
| 003 | 0100 | ||
| 008 | 130303s9999 xx 000 0 und d | ||
| 040 | _cARRUPELIB | ||
| 050 | _aHD70.U5G7 1964 | ||
| 100 | _aGreenwood, William T | ||
| 245 | _aIssues in Business and Society | ||
| 245 | _bReadings and Cases | ||
| 260 | _aBoston, Massachusetts | ||
| 260 | _bHoughton Mifflin Company | ||
| 260 | _C1964 | ||
| 300 | _a554p | ||
| 942 | 0 | 0 | _01 |
| 999 |
_c41272 _d41272 |
||